[Event "Mallorca-chT Preferente"]
[Site "Palma de Mallorca"]
[Date "2020.02.15"]
[Round "3.2"]
[White "Gonzalez Arribas, Vidal Alejandro"]
[Black "Estremera Panos, Sergio"]
[Result "1-0"]
[WhiteElo "2258"]
[BlackElo "2305"]
[PlyCount "50"]
[EventDate "2020.02.01"]
[EventType "team-tourn"]
[EventRounds "9"]
[EventCountry "ESP"]
[SourceTitle "CBM 195 Extra"]
[Source "ChessBase"]
[SourceDate "2020.05.31"]
[SourceVersion "1"]
[SourceVersionDate "2020.05.31"]
[SourceQuality "1"]
[WhiteTeam "Sa Dragonera"]
[BlackTeam "Mallorca Isolani"]
[WhiteTeamCountry "ESP"]
[BlackTeamCountry "ESP"]

1. c4 c5 2. Nf3 Nc6 3. d4 cxd4 4. Nxd4 Nf6 5. Nc3 e5 6. Nc2 Bc5 7. Be3 Qb6 8. Qd2 Nd4 9. Bxd4 Bxd4 10. Nxd4 exd4 11. Nb5 d5 12. Qxd4 Qxd4 13. Nxd4 dxc4 14. e3 c3 15. bxc3 Bd7 16. Rb1 b6 17. Ba6 Ne4 18. c4 Nc5 19. Bb5 g6 20. Ke2 Rc8 21. Rhd1 Ke7 22. Rbc1 Rc7 23. Bxd7 Nxd7 24. Nb5 Rcc8 25. Rd5 a6 1-0

[Event "Mallorca-chT Preferente"]
[Site "Mallorca"]
[Date "2016.03.13"]
[Round "6.2"]
[White "Galiana Salom, Juan Ramon"]
[Black "Gonzalez Arribas, Vidal Alejandro"]
[Result "1-0"]
[WhiteElo "2201"]
[BlackElo "2303"]
[PlyCount "97"]
[EventDate "2016.03.01"]
[EventType "team-tourn"]
[EventRounds "9"]
[EventCountry "ESP"]
[SourceTitle "EXT 2024"]
[Source "ChessBase"]
[SourceDate "2023.10.10"]
[SourceVersion "1"]
[SourceVersionDate "2023.10.10"]
[SourceQuality "1"]
[WhiteTeam "Son Dameto"]
[BlackTeam "Can Tiu Alaro Dragonera"]
[WhiteTeamCountry "ESP"]
[BlackTeamCountry "ESP"]

1. e4 c5 2. Nf3 Nc6 3. d4 cxd4 4. Nxd4 g6 5. Nc3 Bg7 6. Nb3 d6 7. Be2 Nf6 8. 0-0 0-0 9. Re1 a6 10. Bf1 b5 11. a4 b4 12. Nd5 Nxd5 13. exd5 Ne5 14. a5 Bb7 15. Ra4 e6 16. f4 Bxd5 17. fxe5 Bxe5 18. Rxb4 Bxb3 19. Rxb3 Qxa5 20. Be3 Rab8 21. Rxb8 Rxb8 22. b3 Rc8 23. Re2 Qb4 24. Qd2 Bc3 25. Qd3 a5 26. Bf2 d5 27. Re3 Bg7 28. Rf3 a4 29. Qa6 Rxc2 30. Qa8+ Bf8 31. bxa4 Ra2 32. Qa7 Be7 33. Qd7 Kg7 34. Bg3 Qd4+ 35. Kh1 Bf6 36. Bd6 Qxa4 37. Qc8 Qa8 38. Qc1 Qd8 39. Qf4 g5 40. Qg3 Ra4 41. Be5 Bxe5 42. Qxe5+ f6 43. Qxe6 g4 44. Rb3 Ra7 45. Qf5 Re7 46. h3 Qd7 47. Qf2 f5 48. Bd3 f4 49. Qxf4 1-0

[Event "Mallorca-chT Preferente"]
[Site "Mallorca"]
[Date "2016.03.12"]
[Round "5.2"]
[White "Gonzalez Arribas, Vidal Alejandro"]
[Black "Lechado Artigues, Pedro"]
[Result "1/2-1/2"]
[WhiteElo "2303"]
[BlackElo "2096"]
[PlyCount "94"]
[EventDate "2016.03.01"]
[EventType "team-tourn"]
[EventRounds "9"]
[EventCountry "ESP"]
[SourceTitle "EXT 2024"]
[Source "ChessBase"]
[SourceDate "2023.10.10"]
[SourceVersion "1"]
[SourceVersionDate "2023.10.10"]
[SourceQuality "1"]
[WhiteTeam "Can Tiu Alaro Dragonera"]
[BlackTeam "La Balanguera"]
[WhiteTeamCountry "ESP"]
[BlackTeamCountry "ESP"]

1. c4 Nf6 2. Nf3 g6 3. g3 Bg7 4. Bg2 0-0 5. 0-0 d6 6. d4 Nc6 7. Nbd2 e5 8. d5 Ne7 9. Qc2 h6 10. h3 Nh5 11. e4 f5 12. c5 f4 13. g4 Nf6 14. Nc4 Rf7 15. Bd2 g5 16. Bb4 Ne8 17. cxd6 cxd6 18. Qa4 Ng6 19. Rac1 Bf8 20. Ba5 Qe7 21. Rfd1 h5 22. gxh5 Nh4 23. Nxh4 gxh4 24. Bf3 Bxh3 25. Kh2 Bd7 26. Qb3 b5 27. Nd2 Nf6 28. Rg1+ Kh7 29. Rg6 Bh6 30. Rcg1 Rg8 31. Rxg8 Nxg8 32. Qc3 Bf8 33. Qc7 Nh6 34. Qd8 Rg7 35. Rc1 Ng4+ 36. Bxg4 Bxg4 37. Qxe7 Rxe7 38. Bd8 Rd7 39. Bxh4 Bxh5 40. f3 Kg7 41. Rc8 Kf7 42. Kg2 Be7 43. Bf2 a5 44. Nb3 Bd8 45. Ra8 a4 46. Na5 Bxa5 47. Rxa5 Rb7 1/2-1/2

[Event "Mallorca-chT Preferente"]
[Site "Mallorca"]
[Date "2016.03.09"]
[Round "4.2"]
[White "Gonzalez Arribas, Vidal Alejandro"]
[Black "Rubert Alfonso, Victor"]
[Result "1-0"]
[WhiteElo "2303"]
[BlackElo "1930"]
[PlyCount "39"]
[EventDate "2016.03.01"]
[EventType "team-tourn"]
[EventRounds "9"]
[EventCountry "ESP"]
[SourceTitle "EXT 2024"]
[Source "ChessBase"]
[SourceDate "2023.10.10"]
[SourceVersion "1"]
[SourceVersionDate "2023.10.10"]
[SourceQuality "1"]
[WhiteTeam "Can Tiu Alaro Dragonera"]
[BlackTeam "Algaida"]
[WhiteTeamCountry "ESP"]
[BlackTeamCountry "ESP"]

1. c4 c5 2. Nf3 Nf6 3. Nc3 Nc6 4. g3 e6 5. d4 cxd4 6. Nxd4 Bb4 7. Bg2 Qa5 8. 0-0 Bxc3 9. bxc3 0-0 10. Qb3 Rd8 11. Rd1 e5 12. Nb5 Ne8 13. Bg5 Nf6 14. Nd6 Qc5 15. Bxf6 gxf6 16. Qc2 Nd4 17. cxd4 Qxd6 18. dxe5 Qxe5 19. Rab1 Rb8 20. Rd5 1-0

[Event "Baleares-chT"]
[Site "Ibiza"]
[Date "2012.06.12"]
[Round "5.1"]
[White "Gonzalez Arribas, Vidal Alejandro"]
[Black "Garcia del Rey, Senen"]
[Result "0-1"]
[WhiteElo "2360"]
[BlackElo "2306"]
[PlyCount "82"]
[EventDate "2012.05.10"]
[EventType "team-swiss"]
[EventRounds "5"]
[EventCountry "ESP"]
[SourceTitle "EXT 2014"]
[Source "ChessBase"]
[SourceDate "2013.11.20"]
[SourceVersion "1"]
[SourceVersionDate "2013.11.20"]
[SourceQuality "1"]

1. c4 e5 2. Nc3 Nf6 3. Nf3 Nc6 4. g3 Bc5 5. Bg2 d6 6. 0-0 0-0 7. a3 a6 8. b4 Ba7 9. d3 h6 10. Nd2 Ne7 11. Bb2 c6 12. h3 Be6 13. Rc1 Qd7 14. Kh2 Nf5 15. e4 Nd4 16. f4 Qe7 17. Ne2 Bg4 18. hxg4 Nxg4+ 19. Kh1 Ne3 20. Qe1 Ndc2 21. Qf2 Nxf1 22. Qxf1 Ne3 23. Qf3 Nxg2 24. Kxg2 f5 25. exf5 Rxf5 26. Ne4 Raf8 27. g4 Rxf4 28. Nxf4 Rxf4 29. Qg3 Qe6 30. Qh3 Rxg4+ 31. Ng3 Be3 32. Rf1 Bf4 33. Rf3 Qg6 34. Kf2 d5 35. cxd5 cxd5 36. Nh5 Qb6+ 37. d4 Qg6 38. Rc3 exd4 39. Rc8+ Kh7 40. Kf3 Qe4+ 41. Kxg4 Bh2+ 0-1

[Event "Mallorca-chT Preferente"]
[Site "Palma de Mallorca"]
[Date "2012.03.17"]
[Round "7.3"]
[White "Gonzalez Arribas, Vidal Alejandro"]
[Black "Munar Mut, Antoni"]
[Result "1-0"]
[WhiteElo "2335"]
[BlackElo "2018"]
[PlyCount "50"]
[EventDate "2012.01.28"]
[EventType "team"]
[EventRounds "9"]
[EventCountry "ESP"]
[SourceTitle "EXT 2014"]
[Source "ChessBase"]
[SourceDate "2013.11.20"]
[SourceVersion "1"]
[SourceVersionDate "2013.11.20"]
[SourceQuality "1"]
[WhiteTeam "Sa Dragonera"]
[BlackTeam "Inca"]
[WhiteTeamCountry "ESP"]
[BlackTeamCountry "ESP"]

1. c4 Nc6 2. Nc3 Nf6 3. d4 e6 4. d5 exd5 5. cxd5 Ne5 6. Qd4 d6 7. e4 Bd7 8. f4 c5 9. Qd1 Ng6 10. Nf3 a6 11. a4 Be7 12. Be2 0-0 13. f5 Ne5 14. Nxe5 dxe5 15. d6 Bxd6 16. Qxd6 Nxe4 17. Nxe4 Qh4+ 18. Ng3 Qb4+ 19. Qd2 Qd4 20. Qxd4 exd4 21. Bf3 Rae8+ 22. Kf2 b5 23. Bf4 bxa4 24. Bd6 Rb8 25. Bxb8 Rxb8 1-0

[Event "Mallorca-chT Preferente"]
[Site "Palma de Mallorca"]
[Date "2012.02.25"]
[Round "4.5"]
[White "Gonzalez Arribas, Vidal Alejandro"]
[Black "Gelabert Mari, Llorenc"]
[Result "1-0"]
[WhiteElo "2335"]
[BlackElo "2162"]
[PlyCount "59"]
[EventDate "2012.01.28"]
[EventType "team"]
[EventRounds "9"]
[EventCountry "ESP"]
[SourceTitle "EXT 2014"]
[Source "ChessBase"]
[SourceDate "2013.11.20"]
[SourceVersion "1"]
[SourceVersionDate "2013.11.20"]
[SourceQuality "1"]
[WhiteTeam "Sa Dragonera"]
[BlackTeam "La Balanguera"]
[WhiteTeamCountry "ESP"]
[BlackTeamCountry "ESP"]

1. c4 e5 2. Nc3 Nc6 3. g3 g6 4. Bg2 Nge7 5. e3 Bg7 6. Nge2 0-0 7. 0-0 d6 8. a3 f5 9. d4 Qe8 10. dxe5 Bxe5 11. Nd5 Qd8 12. Nd4 a6 13. b4 Bg7 14. Bb2 Rb8 15. Rc1 Nxd4 16. Bxd4 Bxd4 17. Qxd4 Nc6 18. Qc3 Be6 19. Rfd1 Ne5 20. c5 Ng4 21. Nf4 Bf7 22. cxd6 cxd6 23. Qd4 Rc8 24. Bxb7 Rxc1 25. Rxc1 g5 26. Nd5 Ne5 27. Qb6 Qb8 28. Qc7 Qa7 29. Ne7+ Kh8 30. Qxd6 1-0

[Event "Mallorca-chT Preferente"]
[Site "Palma de Mallorca"]
[Date "2012.02.18"]
[Round "3.1"]
[White "Gonzalez Arribas, Vidal Alejandro"]
[Black "Bergas Ferriol, Jeronimo"]
[Result "1-0"]
[WhiteElo "2335"]
[BlackElo "2044"]
[PlyCount "109"]
[EventDate "2012.01.28"]
[EventType "team"]
[EventRounds "9"]
[EventCountry "ESP"]
[SourceTitle "EXT 2014"]
[Source "ChessBase"]
[SourceDate "2013.11.20"]
[SourceVersion "1"]
[SourceVersionDate "2013.11.20"]
[SourceQuality "1"]
[WhiteTeam "Sa Dragonera"]
[BlackTeam "Maria Salut"]
[WhiteTeamCountry "ESP"]
[BlackTeamCountry "ESP"]

1. c4 Nc6 2. d4 Nf6 3. Nf3 e6 4. d5 Bb4+ 5. Bd2 Bxd2+ 6. Qxd2 exd5 7. cxd5 Ne7 8. Nc3 d6 9. g3 0-0 10. Bg2 c5 11. dxc6 bxc6 12. 0-0 d5 13. Qd4 Bf5 14. Rac1 Qb6 15. Na4 Qa6 16. Nd2 Rfe8 17. Rfe1 Rad8 18. Rc3 Nd7 19. Bf1 Qb7 20. Rb3 Qc7 21. Rc1 Rb8 22. Bg2 Qe5 23. Qxe5 Nxe5 24. Nc5 Nd7 25. Nxd7 Bxd7 26. Rc5 Rb6 27. Ra5 Nc8 28. e3 f6 29. Bf1 Re7 30. Ba6 Rxb3 31. Nxb3 Nd6 32. Nd4 Ne4 33. Bd3 Bh3 34. f3 c5 35. Nc6 Rc7 36. fxe4 c4 37. Be2 Rxc6 38. exd5 Rb6 39. Bxc4 Rxb2 40. d6+ Kf8 41. Rh5 Rg2+ 42. Kh1 Rc2 43. Rxh3 Rxc4 44. Rxh7 Rc1+ 45. Kg2 Rd1 46. Rh8+ Kf7 47. Ra8 Rxd6 48. Rxa7+ Ke6 49. h4 Kf5 50. Kf3 g5 51. Ra5+ Kg6 52. hxg5 fxg5 53. Kg4 Rb6 54. Rxg5+ Kf6 55. Ra5 1-0

[Event "Calvia Amateur op 6th"]
[Site "Calvia"]
[Date "2009.10.18"]
[Round "9"]
[White "Gonzalez Arribas, Vidal Alejandro"]
[Black "Pettersson, Anders"]
[Result "0-1"]
[WhiteElo "2286"]
[BlackElo "2049"]
[PlyCount "84"]
[EventDate "2009.10.10"]
[EventType "swiss"]
[EventRounds "9"]
[EventCountry "ESP"]
[SourceTitle "CBM 132 Extra"]
[Source "ChessBase"]
[SourceDate "2009.11.03"]
[SourceVersion "1"]
[SourceVersionDate "2009.11.03"]
[SourceQuality "1"]

1. c4 c5 2. Nf3 Nf6 3. Nc3 Nc6 4. g3 d5 5. cxd5 Nxd5 6. Bg2 Nc7 7. 0-0 e5 8. d3 Be7 9. Be3 Bd7 10. a3 0-0 11. Rc1 f6 12. Nd2 Kh8 13. Na4 b6 14. b4 Nd4 15. Bxd4 cxd4 16. Bxa8 Nxa8 17. e4 dxe3 18. fxe3 Bh3 19. Rf2 Qxd3 20. Qb3 Qd7 21. Nf3 Be6 22. Qc2 Qb7 23. Nc3 Rc8 24. Rff1 Qa6 25. Qb2 b5 26. Ne4 Bc4 27. Rfd1 Qb7 28. Nfd2 Nb6 29. Nc5 Qc6 30. Ndb3 Kg8 31. Na5 Qe8 32. Nxc4 Nxc4 33. Qb3 Bxc5 34. bxc5 Rxc5 35. Rd3 h6 36. Rcd1 Kh7 37. Rd7 e4 38. Rxa7 Ne5 39. Rf1 Qh5 40. Qb4 Nf3+ 41. Rxf3 exf3 42. Qe4+ Rf5 0-1

[Event "Andratx 2nd"]
[Site "Andratx"]
[Date "2007.10.14"]
[Round "9"]
[White "Mateo, Ramon"]
[Black "Gonzalez Arribas, Vidal Alejandro"]
[Result "1/2-1/2"]
[WhiteElo "2493"]
[BlackElo "2293"]
[PlyCount "108"]
[EventDate "2007.10.08"]
[EventType "tourn"]
[EventRounds "9"]
[EventCountry "ESP"]
[EventCategory "3"]
[SourceTitle "CBM 120 Extra"]
[Source "ChessBase"]
[SourceDate "2007.11.01"]
[SourceVersion "1"]
[SourceVersionDate "2007.11.01"]
[SourceQuality "1"]

1. c4 e6 2. d4 d5 3. Nf3 c6 4. Qc2 dxc4 5. Qxc4 b5 6. Qc2 Bb7 7. g3 Nd7 8. Bg2 Ngf6 9. Nc3 c5 10. 0-0 a6 11. e4 b4 12. e5 Nd5 13. Ne2 Rc8 14. Qe4 g6 15. Bg5 Qb6 16. Qh4 h6 17. Nd2 cxd4 18. Rac1 Rxc1 19. Rxc1 Bg7 20. Bf6 g5 21. Bxg7 gxh4 22. Nc4 Rg8 23. Nxb6 Rxg7 24. Nxd5 Bxd5 25. Bxd5 exd5 26. Rc8+ Ke7 27. Nxd4 Nxe5 28. Rb8 Rg4 29. Ne2 hxg3 30. hxg3 Rc4 31. b3 Rc2 32. Nf4 Nc6 33. Rb7+ Kd6 34. Rxf7 d4 35. Rf6+ Kd7 36. Nd3 a5 37. Rxh6 Rxa2 38. g4 a4 39. bxa4 Ra3 40. Rh3 Kc7 41. g5 b3 42. Nb2 Ne7 43. Rd3 Nf5 44. g6 Kc6 45. Rxd4 Nxd4 46. g7 Ra1+ 47. Kg2 Ne2 48. Kf3 Rg1 49. Kxe2 Rxg7 50. Kd3 Rf7 51. Kc3 Rf3+ 52. Kb4 Kb6 53. Nc4+ Ka6 54. Nb2 Rxf2 1/2-1/2

[Event "Andratx 2nd"]
[Site "Andratx"]
[Date "2007.10.11"]
[Round "5"]
[White "Gonzalez Arribas, Vidal Alejandro"]
[Black "Galiana Salom, Juan Ramon"]
[Result "1-0"]
[WhiteElo "2293"]
[BlackElo "2252"]
[PlyCount "73"]
[EventDate "2007.10.08"]
[EventType "tourn"]
[EventRounds "9"]
[EventCountry "ESP"]
[EventCategory "3"]
[SourceTitle "CBM 120 Extra"]
[Source "ChessBase"]
[SourceDate "2007.11.01"]
[SourceVersion "1"]
[SourceVersionDate "2007.11.01"]
[SourceQuality "1"]

1. c4 e5 2. Nc3 Nc6 3. g3 g6 4. Bg2 Bg7 5. e3 f5 6. d3 Nce7 7. Nge2 c6 8. e4 Nf6 9. exf5 gxf5 10. d4 d6 11. dxe5 dxe5 12. Qxd8+ Kxd8 13. 0-0 Ng6 14. b3 Ke7 15. Be3 Kf7 16. Rad1 h5 17. h4 Ng4 18. Bc1 Bf6 19. Kh1 Be7 20. Ng1 Be6 21. Nh3 Bb4 22. Ne2 a5 23. f4 Be7 24. fxe5 Rhd8 25. Rxd8 Rxd8 26. Ng5+ Bxg5 27. Bxg5 Rd1 28. Rxd1 Nf2+ 29. Kg1 Nxd1 30. Bf3 Kg7 31. Nd4 Bxc4 32. Bxd1 Bd3 33. e6 c5 34. e7 Nxe7 35. Ne6+ Kf7 36. Nxc5 Bb1 37. Bxh5+ 1-0

[Event "Calvia Autonomicas-chT"]
[Site "Calvia"]
[Date "2007.05.05"]
[Round "5"]
[White "Garcia Roman, Daniel"]
[Black "Gonzalez Arribas, Vidal Alejandro"]
[Result "1-0"]
[WhiteElo "2425"]
[BlackElo "2289"]
[PlyCount "33"]
[EventDate "2007.05.03"]
[EventType "team"]
[EventRounds "5"]
[EventCountry "ESP"]
[SourceTitle "CBM 118 Extra"]
[Source "ChessBase"]
[SourceDate "2007.07.04"]
[SourceVersion "1"]
[SourceVersionDate "2007.07.04"]
[SourceQuality "1"]

1. d4 d5 2. c4 e6 3. Nf3 c6 4. e3 Nf6 5. Bd3 Nbd7 6. Nbd2 Bd6 7. 0-0 0-0 8. e4 e5 9. cxd5 cxd5 10. exd5 exd4 11. Ne4 Nb6 12. Nxf6+ Qxf6 13. Bg5 Bxh2+ 14. Kxh2 Qd6+ 15. Kg1 Qxd5 16. Qb3 Qd6 17. Bc2 1-0

[Event "Calvia Autonomicas-chT"]
[Site "Calvia"]
[Date "2007.05.05"]
[Round "4"]
[White "Gonzalez Arribas, Vidal Alejandro"]
[Black "Garcia Romero, Benjamin Abel"]
[Result "1-0"]
[WhiteElo "2289"]
[BlackElo "2263"]
[PlyCount "173"]
[EventDate "2007.05.03"]
[EventType "team"]
[EventRounds "5"]
[EventCountry "ESP"]
[SourceTitle "CBM 118 Extra"]
[Source "ChessBase"]
[SourceDate "2007.07.04"]
[SourceVersion "1"]
[SourceVersionDate "2007.07.04"]
[SourceQuality "1"]

1. c4 e6 2. Nc3 d5 3. d4 Be7 4. Nf3 Nf6 5. Bg5 0-0 6. e3 h6 7. Bh4 Ne4 8. Bxe7 Qxe7 9. Bd3 Nxc3 10. bxc3 c5 11. 0-0 Nd7 12. Re1 dxc4 13. Bxc4 Rb8 14. a4 e5 15. e4 exd4 16. cxd4 Nb6 17. Bb3 cxd4 18. a5 Nd7 19. Nxd4 Nc5 20. Bd5 Qe5 21. Rc1 Ne6 22. Ne2 b6 23. axb6 axb6 24. Rb1 b5 25. Qd2 Re8 26. Rec1 Bd7 27. f4 Qd6 28. e5 Qb6+ 29. Kh1 Red8 30. Qa2 Kh8 31. Rf1 Bc6 32. Bxc6 Qxc6 33. f5 Ng5 34. h4 Ne4 35. Qxf7 Rd7 36. Qh5 Rd2 37. Kh2 Qc7 38. f6 gxf6 39. Ng3 Nxg3 40. Qxh6+ Qh7 41. Qxf6+ Qg7 42. Qxg7+ Kxg7 43. Kxg3 b4 44. Rb3 Rb6 45. Rf6 Rb5 46. Rf4 Rxe5 47. Rbxb4 Re3+ 48. Rf3 Ree2 49. Rg4+ Kh6 50. Kh3 Re5 51. Rf8 Kh7 52. Rf7+ Kh6 53. Rfg7 Rd3+ 54. Rg3 Rd6 55. Rg8 Kh7 56. R8g5 Re1 57. Rh5+ Rh6 58. Rxh6+ Kxh6 59. Rg5 Ra1 60. g3 Ra4 61. Rf5 Kg6 62. Rf4 Ra3 63. Kg4 Rb3 64. h5+ Kg7 65. Kh4 Ra3 66. g4 Ra1 67. Kg5 Ra6 68. Rf5 Rb6 69. Ra5 Rb4 70. Ra7+ Kh8 71. Ra6 Kg7 72. h6+ Kh7 73. Ra7+ Kh8 74. Kh5 Rb6 75. g5 Rb5 76. Rf7 Kg8 77. Rf6 Kh7 78. Re6 Ra5 79. Re7+ Kg8 80. Kg6 Ra6+ 81. Kf5 Ra1 82. Kf6 Ra6+ 83. Re6 Ra8 84. g6 Rf8+ 85. Kg5 Rd8 86. h7+ Kg7 87. Re7+ 1-0

[Event "Calvia op 3rd"]
[Site "Calvia"]
[Date "2006.10.27"]
[Round "8"]
[White "Gonzales, Jayson"]
[Black "Gonzalez Arribas, Vidal Alejandro"]
[Result "1-0"]
[WhiteElo "2418"]
[BlackElo "2297"]
[PlyCount "55"]
[EventDate "2006.10.20"]
[EventType "swiss"]
[EventRounds "9"]
[EventCountry "ESP"]
[SourceTitle "EXT 2007"]
[Source "ChessBase"]
[SourceDate "2006.11.23"]
[SourceVersion "1"]
[SourceVersionDate "2006.11.23"]
[SourceQuality "1"]

1. Nf3 d5 2. d4 c6 3. g3 Nf6 4. Bg2 Bg4 5. Ne5 Bf5 6. 0-0 Nbd7 7. Bf4 e6 8. c4 Be7 9. Nc3 0-0 10. cxd5 exd5 11. h3 h6 12. g4 Be6 13. Nd3 Re8 14. Bh2 h5 15. f4 Bxg4 16. hxg4 Nxg4 17. Qd2 Bh4 18. Ne5 Ndf6 19. Bf3 Nh6 20. Qd3 Qc8 21. Bg2 Nfg4 22. e4 dxe4 23. Nxe4 Nxh2 24. Kxh2 Ng4+ 25. Kg1 Qd8 26. Rad1 f5 27. Qb3+ Kh7 28. Qf7 1-0

[Event "Calvia op 3rd"]
[Site "Calvia"]
[Date "2006.10.26"]
[Round "7"]
[White "Gonzalez Arribas, Vidal Alejandro"]
[Black "Tate, Alan"]
[Result "1-0"]
[WhiteElo "2297"]
[BlackElo "2052"]
[PlyCount "47"]
[EventDate "2006.10.20"]
[EventType "swiss"]
[EventRounds "9"]
[EventCountry "ESP"]
[SourceTitle "EXT 2007"]
[Source "ChessBase"]
[SourceDate "2006.11.23"]
[SourceVersion "1"]
[SourceVersionDate "2006.11.23"]
[SourceQuality "1"]

1. c4 e5 2. Nc3 Bb4 3. g3 Bxc3 4. bxc3 d6 5. Bg2 Nc6 6. Rb1 Nge7 7. Nf3 0-0 8. 0-0 b6 9. Qc2 Bd7 10. d4 Ng6 11. c5 bxc5 12. dxe5 Ngxe5 13. Nxe5 Nxe5 14. Bxa8 Qxa8 15. f3 Bh3 16. Re1 Qc6 17. Bf4 Nc4 18. Qb3 Nb6 19. e4 a6 20. Qd1 Be6 21. Qe2 Qa4 22. Bxd6 cxd6 23. Rxb6 Bc4 24. Qd2 1-0

[Event "Calvia op 3rd"]
[Site "Calvia"]
[Date "2006.10.25"]
[Round "6"]
[White "Jones, Gawain C B"]
[Black "Gonzalez Arribas, Vidal Alejandro"]
[Result "1-0"]
[WhiteElo "2430"]
[BlackElo "2297"]
[PlyCount "95"]
[EventDate "2006.10.20"]
[EventType "swiss"]
[EventRounds "9"]
[EventCountry "ESP"]
[SourceTitle "EXT 2007"]
[Source "ChessBase"]
[SourceDate "2006.11.23"]
[SourceVersion "1"]
[SourceVersionDate "2006.11.23"]
[SourceQuality "1"]

1. e4 c5 2. Nc3 g6 3. d4 Bg7 4. dxc5 Bxc3+ 5. bxc3 Qa5 6. Qd4 Nf6 7. Qb4 Qc7 8. Nf3 Nc6 9. Qa4 Ne5 10. Be3 b6 11. Qa3 bxc5 12. Bxc5 d6 13. Nxe5 dxc5 14. Bb5+ Kf8 15. f4 Nxe4 16. Bc6 Bb7 17. Bxe4 Bxe4 18. 0-0-0 Bf5 19. c4 f6 20. g4 Be6 21. Nd3 Rc8 22. g5 Bxc4 23. gxf6 exf6 24. Qc3 Qf7 25. Nf2 Kg7 26. Ne4 Bd5 27. Nd6 Qe6 28. Nxc8 Bxh1 29. Nd6 Rd8 30. Nf5+ Qxf5 31. Rxd8 Qxf4+ 32. Kb2 Qb4+ 33. Qxb4 cxb4 34. Rd7+ Kh6 35. Rxa7 f5 36. Kb3 f4 37. Kxb4 Be4 38. Kc3 g5 39. Kd2 Kh5 40. Re7 Bf5 41. a4 Kg4 42. a5 Bc8 43. Rxh7 Kf3 44. Rc7 Bh3 45. Rc3+ Kg2 46. Rxh3 g4 47. Ra3 f3 48. a6 1-0

[Event "Calvia op 3rd"]
[Site "Calvia"]
[Date "2006.10.22"]
[Round "3"]
[White "Gonzalez Arribas, Vidal Alejandro"]
[Black "Ruiz Vinals, Matias"]
[Result "0-1"]
[WhiteElo "2297"]
[BlackElo "2030"]
[PlyCount "48"]
[EventDate "2006.10.20"]
[EventType "swiss"]
[EventRounds "9"]
[EventCountry "ESP"]
[SourceTitle "EXT 2007"]
[Source "ChessBase"]
[SourceDate "2006.11.23"]
[SourceVersion "1"]
[SourceVersionDate "2006.11.23"]
[SourceQuality "1"]

1. c4 e6 2. Nc3 d5 3. d4 Nf6 4. Bg5 c6 5. e3 Nbd7 6. Nf3 Qa5 7. Nd2 Bb4 8. Qc2 0-0 9. Be2 dxc4 10. Bxf6 Nxf6 11. Nxc4 Qc7 12. 0-0 a6 13. a3 Be7 14. b4 b6 15. Ne4 Nxe4 16. Qxe4 Bb7 17. Bf3 Ra7 18. Qe5 Qd8 19. Rfd1 a5 20. b5 Bf6 21. Qg3 cxb5 22. Nd6 Bxf3 23. gxf3 Rd7 24. Nxb5 Rd5 0-1

[Event "Andorra op 23rd"]
[Site "Andorra"]
[Date "2005.07.16"]
[Round "8"]
[White "Gonzalez Arribas, Vidal Alejandro"]
[Black "Garcia Paolicchi, Raul"]
[Result "1-0"]
[WhiteElo "2252"]
[BlackElo "2258"]
[PlyCount "141"]
[EventDate "2005.07.09"]
[EventType "swiss"]
[EventRounds "9"]
[EventCountry "AND"]
[SourceTitle "EXT 2022"]
[Source "ChessBase"]
[SourceDate "2021.10.06"]
[SourceVersion "1"]
[SourceVersionDate "2021.10.06"]
[SourceQuality "1"]

1. c4 c5 2. Nf3 Nc6 3. d4 cxd4 4. Nxd4 g6 5. e4 Bg7 6. Be3 d6 7. Nc3 Nf6 8. Be2 0-0 9. 0-0 Bd7 10. Qd2 a6 11. h3 Re8 12. Rfd1 Qa5 13. a3 Rac8 14. b4 Qc7 15. Rac1 Qb8 16. Nb3 Be6 17. f3 Nd7 18. Nd5 f5 19. b5 Nd8 20. Nd4 fxe4 21. Nxe6 Nxe6 22. fxe4 Nec5 23. bxa6 bxa6 24. Bg4 e6 25. Nf4 Nxe4 26. Qd3 Ndc5 27. Qc2 Rcd8 28. Nxe6 Nxe6 29. Qxe4 Nc7 30. Qd3 Be5 31. Bg5 Qa7+ 32. Be3 Qb7 33. Rb1 Qa8 34. Bg5 Qa7+ 35. Kh1 Rb8 36. Be3 Qa8 37. Bf3 d5 38. cxd5 Bd6 39. Rxb8 Qxb8 40. Rb1 Qd8 41. Bg1 Qf6 42. Bh2 Bxh2 43. Kxh2 Nb5 44. d6 Qe5+ 45. Kh1 Nxd6 46. Qd5+ Nf7 47. Rb7 Re7 48. Qxe5 Rxe5 49. a4 Ra5 50. Bd1 Nd6 51. Bb3+ Kh8 52. Re7 Nf5 53. Rd7 Re5 54. Kg1 a5 55. Kf2 Ne7 56. Bc4 Kg7 57. Bb5 Kf6 58. Ra7 h5 59. Rxa5 h4 60. Ra6+ Kg5 61. Be8 Kf5 62. Rb6 g5 63. Rb5 Rxb5 64. Bxb5 Nd5 65. a5 Nc7 66. Bd3+ Kf4 67. Be2 Ke5 68. a6 Kf4 69. a7 Na8 70. Bf3 Nb6 71. Ke2 1-0

[Event "Andorra op 23rd"]
[Site "Andorra"]
[Date "2005.07.13"]
[Round "5"]
[White "Perez Candelario, Manuel"]
[Black "Gonzalez Arribas, Vidal Alejandro"]
[Result "1-0"]
[WhiteElo "2504"]
[BlackElo "2252"]
[PlyCount "91"]
[EventDate "2005.07.09"]
[EventType "swiss"]
[EventRounds "9"]
[EventCountry "AND"]
[SourceTitle "CBM 107 Extra"]
[Source "ChessBase"]
[SourceDate "2005.09.01"]
[SourceVersion "1"]
[SourceVersionDate "2005.09.01"]
[SourceQuality "1"]

1. e4 c5 2. Nc3 Nc6 3. Nge2 g6 4. d4 cxd4 5. Nxd4 Bg7 6. Be3 Nf6 7. Bc4 Qa5 8. 0-0 0-0 9. Nb3 Qc7 10. Bg5 Rd8 11. Be2 h6 12. Bh4 Qb8 13. f4 d6 14. Bf3 Be6 15. Nd5 Bxd5 16. exd5 Nb4 17. g4 a5 18. c3 a4 19. cxb4 axb3 20. Qxb3 Qc8 21. h3 Qd7 22. Kg2 Qa4 23. Qxa4 Rxa4 24. a3 Rc8 25. Rae1 Kf8 26. Bd1 Raa8 27. Bb3 Rc7 28. Re2 Nh7 29. Bf2 Rac8 30. Be3 f5 31. Rg1 Nf6 32. gxf5 gxf5 33. Kh2 Ne4 34. Reg2 Bf6 35. Bd1 e6 36. dxe6 d5 37. Bb3 d4 38. Bd2 Ke7 39. Be1 b5 40. Rg6 Rc1 41. Rxh6 Rb1 42. Rh7+ Kd6 43. Rd7+ Kc6 44. Bf2 Rxb2 45. Rc1+ Nc3 46. Rxc3+ 1-0

[Event "Andorra op 23rd"]
[Site "Andorra"]
[Date "2005.07.12"]
[Round "4"]
[White "Gonzalez Arribas, Vidal Alejandro"]
[Black "Kallio, Heikki"]
[Result "1/2-1/2"]
[WhiteElo "2252"]
[BlackElo "2507"]
[PlyCount "88"]
[EventDate "2005.07.09"]
[EventType "swiss"]
[EventRounds "9"]
[EventCountry "AND"]
[SourceTitle "CBM 107 Extra"]
[Source "ChessBase"]
[SourceDate "2005.09.01"]
[SourceVersion "1"]
[SourceVersionDate "2005.09.01"]
[SourceQuality "1"]

1. c4 Nf6 2. Nc3 e5 3. Nf3 Nc6 4. g3 Bb4 5. Bg2 0-0 6. 0-0 Re8 7. d3 h6 8. Nd5 Bd6 9. b3 Nxd5 10. cxd5 Nd4 11. Nxd4 exd4 12. Bb2 Bc5 13. Qc2 d6 14. a3 Bg4 15. Rfe1 a5 16. h3 Bd7 17. Qd2 Qg5 18. Qxg5 hxg5 19. Bc1 f6 20. e4 Kf7 21. f4 gxf4 22. Bxf4 c6 23. Bd2 cxd5 24. exd5 Rxe1+ 25. Rxe1 Bf5 26. Bf1 Bxa3 27. Ra1 Bb2 28. Rxa5 Rd8 29. Rb5 Rd7 30. h4 Bc3 31. Bf4 Be1 32. Kh2 g5 33. hxg5 fxg5 34. Bxg5 Rc7 35. Bf4 Bg4 36. Bg2 Rc2 37. Rxb7+ Kf6 38. Kh1 Bd2 39. Rb8 Be3 40. Be4 Rc1+ 41. Kh2 Rc2+ 42. Kh1 Rc1+ 43. Kh2 Rc2+ 44. Kh1 Rc1+ 1/2-1/2